|
|
|
|
| LEADER |
00000nab a2200000 ar4500 |
| 001 |
vtls009082592 |
| 003 |
SK-MaSNL |
| 005 |
20260303213853.0 |
| 008 |
070725c1976 xo |r|p|||||||000 b|slo |
| 015 |
|
|
|a SNBRB2007/07
|2 snkbucl
|
| 038 |
|
|
|a SNKBUCL
|
| 040 |
|
|
|a SNKBUCL
|b slo
|c SNKBUCL
|e AACR2
|
| 041 |
|
|
|a slo
|
| 044 |
|
|
|a xo
|c SK
|
| 080 |
|
|
|a 79.071.1
|2 1997
|
| 080 |
|
|
|a 761.1
|2 1997
|
| 100 |
1 |
|
|a Čiljak, Jaroslav,
|d 1933-2002
|4 aut
|9 172541
|
| 245 |
1 |
0 |
|a Drevorezby Martina Žilavého
|c Jaroslav Čiljak
|
| 300 |
|
|
|b Obr.
|
| 600 |
1 |
7 |
|a Žilavý, Martin,
|d 1912-1981
|2 snkbucl
|9 55855
|
| 650 |
0 |
7 |
|a drevorezba
|2 snkbucl
|9 31542
|
| 773 |
0 |
|
|t Výtvarníctvo fotografia film
|g Roč. 14, č. 6 (1976), s. 128-130
|
| 852 |
|
|
|a SNK
|b KIS3GCP
|
| 958 |
|
|
|a BX
|
| 999 |
|
|
|c 2214421
|d 2216351
|